University Home | Library Home | Institutional Repository

Thin golden lines : (Record no. 140096)

MARC details
000 -LEADER
fixed length control field 00622cam5a220018100 4500
001 - CONTROL NUMBER
control field qce00884855
005 - DATE AND TIME OF LATEST TRANSACTION
control field 20190823084331.0
008 - FIXED-LENGTH DATA ELEMENTS--GENERAL INFORMATION
fixed length control field 740430s1971 gw eng u
035 ## - SYSTEM CONTROL NUMBER
System control number (Sirsi) r10928
035 ## - SYSTEM CONTROL NUMBER
System control number (QCAT)lss00567781
035 ## - SYSTEM CONTROL NUMBER
System control number (UPRA)qce00884855
040 ## - CATALOGING SOURCE
Modifying agency UPRA
100 1# - MAIN ENTRY--PERSONAL NAME
Personal name Short, Shelton Hardaway, 1898-1974.
Dates associated with a name Short, Shelton Hardaway, 1898-1974.
Linkage A64606.1
245 10 - TITLE STATEMENT
Title Thin golden lines :
Remainder of title a booklet of verse, 1970-71 /
Statement of responsibility, etc. [by] Shelton H. Short.
260 ## - PUBLICATION, DISTRIBUTION, ETC.
Place of publication, distribution, etc. Gottingen :
Name of publisher, distributor, etc. Dieterich University Book Pub. House,
Date of publication, distribution, etc. 1971.
949 ## - LOCAL PROCESSING INFORMATION (OCLC)
a PS3569
w lcc
i -2720
m MAIN
t BOOK
l ON-SHELF

No items available.

© 2026 - The University of Zambia Library - Koha v25.11